| 000 | 01155cam a2200277 a 4500 | ||
|---|---|---|---|
| 001 | 000013061 | ||
| 003 | OSt | ||
| 005 | 20200929163129.0 | ||
| 008 | 940223s1954 uy r 000 0 spa | ||
| 040 |
_aDO-SdBNP _bspa _cBNPHU |
||
| 082 |
_a352.895 _bH174a |
||
| 100 | 1 |
_aHall, John Oliver, _d1914-1998. _930189 |
|
| 245 | 1 | 3 |
_aLa administración pública en el Uruguay : _bsugerencias para una reforma de la organización administrativa / _cJohn O. Hall ; prólogo Rubén Correa Freitas. |
| 260 |
_aMontevideo, Uruguay : _bInstituto Nacional del Libro ; _bOficina Nacional del Servicio Civil ; _bFundacion Hanns Seidel, _c1954. |
||
| 300 |
_a109 p. ; _c19 cm. |
||
| 490 | 1 |
_aReforma del Estado _v1 |
|
| 500 | _a"Administracion publica en Uruguay: sugerencias para una reforma: mision Hall 1954"--Cover. | ||
| 500 | _aEste documento se terminó de imprimir en 1989. | ||
| 590 | _aInventariado, 2020/ YL | ||
| 650 | 4 |
_aUruguay _xAdministración pública _930190 |
|
| 650 | 4 |
_aReforma del estado _zUruguay _930191 |
|
| 700 | 1 |
_aCorrea Freitas, Rubén, _epról. _930192 |
|
| 830 | 0 |
_aReforma del Estado _n1 _930193 |
|
| 910 | _aEn proceso | ||
| 942 |
_2ddc _cLF1 |
||
| 999 |
_c12703 _d12703 |
||